| 000 | 01141cam a22002654a 4500 | ||
|---|---|---|---|
| 999 |
_c10522 _d10522 |
||
| 003 | OSt | ||
| 005 | 20220329135953.0 | ||
| 008 | 000531s2000 gw a b 001 0 eng | ||
| 020 | _a9783764362171 | ||
| 040 |
_aDLC _cDLC _dDLC |
||
| 042 | _apcc | ||
| 082 | 0 | 0 |
_a607.1 _221 |
| 100 | 1 | _aPfammatter, Ulrich. | |
| 240 | 1 | 0 |
_aErfindung des modernen Architekten. _lEnglish |
| 245 | 1 | 4 |
_aThe making of the modern architect and engineer : _bthe origins and development of a scientific and industrially oriented education / _cUlrich Pfammatter. |
| 260 |
_aBasel ; _aBoston : _bBirkhauser-Publishers for Architecture, _c2000. |
||
| 300 |
_a312 p. : _bill. (some col.) ; _c24 cm. |
||
| 504 | _aIncludes bibliographical references and index. | ||
| 650 | 0 |
_aTechnical education _xHistory. |
|
| 650 | 0 |
_aEngineering _xStudy and teaching _xHistory. |
|
| 650 | 0 |
_aArchitecture _xStudy and teaching _xHistory. |
|
| 906 |
_a7 _bcbc _corignew _d2 _encip _f19 _gy-gencatlg |
||
| 942 | _2ddc | ||